भारतीय राजव्यवस्था: (Record no. 198385)

MARC details
000 -LEADER
fixed length control field 00820nam a22001937a 4500
005 - DATE AND TIME OF LATEST TRANSACTION
control field 20250808112212.0
010 ## - LCCN (DPL NO)
LC control number HIN-130198 HIN-126059
020 ## - INTERNATIONAL STANDARD BOOK NUMBER
International Standard Book Number 9789392176159
Terms of availability 425.00
035 ## - SYSTEM CONTROL NUMBER
System control number HN-98405
035 ## - SYSTEM CONTROL NUMBER
System control number HN-102544
037 ## - SOURCE OF ACQUISITION
Source of stock number/acquisition DBAD/PUB
082 ## - DEWEY DECIMAL CLASSIFICATION NUMBER
Classification number 320
100 ## - MAIN ENTRY--PERSONAL NAME
Personal name आलमबायन, निपुण
245 ## - TITLE STATEMENT
Title भारतीय राजव्यवस्था:
Remainder of title संविधान एवं शासन /
Statement of responsibility, etc निपुण आलमबायन
260 ## - PUBLICATION, DISTRIBUTION, ETC. (IMPRINT)
Place of publication, distribution, etc नईदिल्ली
Name of publisher, distributor, etc नेशनल पेपरबैक्स
Date of publication, distribution, etc 2022
270 ## - ADDRESS
Address 4230/1, अंसारी रोड ,दरियागंज,
City दिल्ली
Postal code 110002
300 ## - PHYSICAL DESCRIPTION
Extent 465पृ.
Dimensions 24 सेमी (अजिल्द)
942 ## - ADDED ENTRY ELEMENTS (KOHA)
Item type Hindi Books
Source of classification or shelving scheme Dewey Decimal Classification
Classification part 320
Call number suffix आलम
Holdings
Withdrawn status Lost status Not for loan Collection code Home library Current library Date acquired Source of acquisition Cost, normal purchase price Full call number Barcode Copy number Cost, replacement price Koha item type
      Non-fiction Bawana Bawana 19/09/2023 DBAD/PUB 425.00 320 आलम HN-98405 1 425.00 Hindi Books

© Delhi Public Library
Hit Counter
free hit counter